Catholic University of Zimbabwe Library
Online Public Access Catalogue
(OPAC)

Population (Record no. 10606)

MARC details
000 -LEADER
fixed length control field 00216 a2200109 4500
020 ## - INTERNATIONAL STANDARD BOOK NUMBER
International Standard Book Number 9780340886731
005 - DATE AND TIME OF LATEST TRANSACTION
control field 20191017173707.0
084 ## - OTHER CLASSIFICATION NUMBER
Classification number NONE
100 ## - MAIN ENTRY--PERSONAL NAME
Personal name Jack Gillet
245 ## - TITLE STATEMENT
Title Population
Medium Text
260 ## - PUBLICATION, DISTRIBUTION, ETC.
Date of publication, distribution, etc. 2005
650 ## - SUBJECT ADDED ENTRY--TOPICAL TERM
Topical term or geographic name entry element GEOGRAPHY
Holdings
Withdrawn status Lost status Source of classification or shelving scheme Damaged status Not for loan Home library Current library Shelving location Date acquired Total Checkouts Full call number Barcode Date last seen Copy number Price effective from Koha item type
          CUZ Harare Campus CUZ Harare Campus Open Shelf 06.04.2017   HB 172.5 .F69 BK0002365 22.05.2025 CU5252 06.04.2017 OS Book
          CUZ Harare Campus CUZ Harare Campus Open Shelf 06.04.2017   HB 172.5 .STI BK0002366 22.05.2025 CU122 06.04.2017 OS Book

OPENING HOURS

Weekdays: 0815hrs - 1800hrs
Weekends:0900hrs - 1200hrs

Closed for Mass:

Mon, Thur: 1200hrs - 1300hrs
Sunday & Public Holiday’s

CALL SUPPORT

0242-570570, 0242-570169
09200664, +263 8644140602

LOCATION

18443, Cranborne Avenue, Hatfield, Harare

Other Links


©2021 | CUZ Library